Души прекрасные порывы. Вып. 2 (Запись № 12127646)

Подробности
000 -МАРКЕР
контрольное поле 02294nam2a2200289 4500
001 - ИДЕНТИФИКАТОР ЗАПИСИ
контрольное поле RU\NLR\BIBL_A\011527388
005 - ИДЕНТИФИКАТОР ВЕРСИИ
контрольное поле 20250626084211.0
010 ## - МЕЖДУНАРОДНЫЙ СТАНДАРТНЫЙ НОМЕР КНИГИ (ISBN)
Номер (ISBN) 978-5-9500780-7-1
Тираж 100
021 ## - НОМЕР ГОСУДАРСТВЕННОЙ РЕГИСТРАЦИИ
Код страны Российская Федерация
Номер 2017-79751
Номер Листа государственной регистраци 5691
035 ## - ДРУГИЕ СИСТЕМНЫЕ НОМЕРА
Идентификатор записи (RuMoRGB)009429065
035 ## - ДРУГИЕ СИСТЕМНЫЕ НОМЕРА
Идентификатор записи (NLR Aleph) 011527388
100 ## - ДАННЫЕ ОБЩЕЙ ОБРАБОТКИ
Данные общей обработки 20171116d2017 |||y0rusy50 ca
101 0# - ЯЗЫК РЕСУРСА
Язык текста, звукозаписи и т.д. русский
-- английский
102 ## - СТРАНА ПУБЛИКАЦИИ ИЛИ ПРОИЗВОДСТВА
Страна публикации Российская Федерация
105 ## - ПОЛЕ КОДИРОВАННЫХ ДАННЫХ: ТЕКСТОВЫЕ МАТЕРИАЛЫ, МОНОГРАФИЧЕСКИЕ
Кодированные данные о монографическом текстовом документе ach|z|||100zy
200 0# - ЗАГЛАВИЕ И СВЕДЕНИЯ ОБ ОТВЕТСТВЕННОСТИ
Основное заглавие Вып. 2
Первые сведения об ответственности [Конкурс (с открытым участием) ученических исследовательских и творческих работ "Души прекрасные порывы". Выдающиеся личности в науке, искусстве и общественной жизни, как пример служения Отечеству, 2016/2017]
210 ## - ПУБЛИКАЦИЯ, РАСПРОСТРАНЕНИЕ И ДР.
Дата издания, распространения и т.д. 2017
Место издания, распространения и т.д. Б. м.
215 ## - ФИЗИЧЕСКАЯ ХАРАКТЕРИСТИКА
Специфическое обозначение материала и объем 99 с.
Другие сведения о физической характеристике ил., портр., факс.
300 ## - ОБЩИЕ ПРИМЕЧАНИЯ
Текст примечания Часть текста англ.
320 ## - ПРИМЕЧАНИЯ О НАЛИЧИИ В ДОКУМЕНТЕ БИБЛИОГРАФИИ / УКАЗАТЕЛЯ
Текст примечания Библиогр. в конце ст.
461 #0 - УРОВЕНЬ НАБОРА
Встроенное поле 001RU\NLR\BIBL_A\011527376
-- 2001#$aДуши прекрасные порывы$eсборник$e[по материалам конкурсов]$fВнутригородское муниципальное образование Санкт-Петербургского муниципального округа Южно-Приморский и другие]$vВып. 2
Системный номер (АБИС) связанной записи 12127592
Место публикации Санкт-Петербург
Дата публикации 2017
Первые сведения об ответственности Внутригородское муниципальное образование Санкт-Петербургского муниципального округа Южно-Приморский и другие]
Имя издателя, распространителя и т.д. Амирит
Сведения, относящиеся к заглавию сборник : [по материалам конкурсов]
Заглавие Души прекрасные порывы
Номер тома Вып. 2
711 12 - НАИМЕНОВАНИЕ ОРГАНИЗАЦИИ - АЛЬТЕРНАТИВНАЯ ОТВЕТСТВЕННОСТЬ
Начальный элемент ввода "Души прекрасные порывы", конкурс (с открытым участием) ученических исследовательских и творческих работ
Место проведения временной организации Санкт-Петербург
Дата проведения временной организации 2016-2017
Системный номер авторитетной/нормативной записи 578569
Идентификатор авторитетной/нормативной записи RU\NLR\AUTH\880457747
942 ## - ДОПОЛНИТЕЛЬНЫЕ ЭЛЕМЕНТЫ ЗАПИСИ (АБИС)
Тип экземпляра АБИС Книга
980 ## - КОЛЛЕКЦИЯ
Название коллекции Национальная библиография
Экземпляры
Тип экземпляра Дата поступления Источник поступления Библиотека постоянного хранения Библиотека текущего хранения Место хранения Шифр хранения Штрих-код Статус экземпляра
Книга 16.11.2017 Обязательный экземпляр РНБ (Московский) РНБ (Московский) Русский книжный фонд: издания с 1957 года 2016-3/29386 1-2068113  
Книга 16.11.2017 Обязательный экземпляр РНБ (Московский) РНБ (Московский) Русский книжный фонд: издания с 1957 года 2016-3/29386 1-2068114